000 00735nam a22002297a 4500
003 OSt
005 20260422112850.0
008 260422b |||||||| |||| 00| 0 eng d
020 _a978036760502
020 _a9780367690465
020 _a9781003140207
040 _aMMARA-U
_beng
_cMMARA-U
_dMMARA-U
050 _aK 94 .C69 2023
100 _aCostello Natasha.
_93086
245 _aPractical English Language Skills For Lawyers :
_bImproving Your Legal English /
_cNatasha Costello and Louise Kulbicki.
260 _aLondon :
_bRoutledge,
_c2023.
300 _axvi, 354 pages :
_bIllustrations ;
650 _aNetworking.
_93087
700 _aCostello Natasha.
_93086
700 _aKulbicki Louise.
_93088
942 _2lcc
_cLOAN LOAN
999 _c33504
_d33501